| 000 | 01053cam a2200241 4500 | ||
|---|---|---|---|
| 001 | ABS64681 | ||
| 008 | 011017n2001 000 0 eng u | ||
| 035 | _a(Sirsi) u115174 | ||
| 100 | _aNorwood, G. | ||
| 245 | _aLet technology span the distance | ||
| 260 | _c2001 | ||
| 490 |
_aEstates Gazette _v(0141) 13 October 2001, 170(2) |
||
| 520 | _aLooks at the advantages of video conferencing with regard to the property industry. Mentions its obvious attractions including lower travel costs and more rapid meetings. Estates Gazette contacted 20 large industry players in the sector but only 2 made use of the technology. Arrival of broadband will make the capacity for video conferencing much greater, allowing it to use high definition picture giving much greater scope for presentations. | ||
| 590 | _aABS | ||
| 650 | _aPROPERTY INDUSTRY | ||
| 650 | _aVIDEO CONFERENCING | ||
| 650 | _aBROADBAND | ||
| 650 | _aADSL | ||
| 650 | _aTELEWEST | ||
| 650 | _aNTL | ||
| 690 | _aMANAGEMENT-BUSINESS MANAGEMENT-INFORMATION MANAGEMENT | ||
| 942 | _n0 | ||
| 999 |
_c68594 _d68594 |
||